000 00320nam a22001337a 4500
008 170619b xxu||||| |||| 00| 0 eng d
020 _a1560000600
041 _aeng
080 _a32
100 _a20
101 _aSHP
245 _aTHE PREMISE AND THE PROMISE: FREE TRADE IN THE AMERICAS
_cSABORIO,S
942 _2udc
_cBK
999 _c18192
_d18192